00298nam a2200121Ia 4500008004100000100002800041245002900069260003300098300000900131650001200140942000700152999001700159190216s9999||||xx |||||||||||||| ||und|| aSharma G S And Bhargava 2aA Text Book Of Mechanics bRatan Prakashan Mandirc1990 a636p aPhysics cBK c33271d33271